|
|
|
|
| LEADER |
00688nab a2200205 i 4500 |
| 001 |
acta5807 |
| 005 |
20251003123856.0 |
| 008 |
161015s2005 hu o 000 eng d |
| 022 |
|
|
|a 1588-2039
|
| 040 |
|
|
|a SZTE Egyetemi Kiadványok Repozitórium
|b hun
|
| 041 |
|
|
|a eng
|
| 100 |
1 |
|
|a Zimonyi István
|
| 245 |
1 |
4 |
|a The Hungarian Passage of the Ghāynī-tradition
|h [elektronikus dokumentum] /
|c Zimonyi István
|
| 260 |
|
|
|c 2005
|
| 300 |
|
|
|a 161-170
|
| 490 |
0 |
|
|a Chronica
|v 5
|
| 650 |
|
4 |
|a Bölcsészettudományok
|
| 650 |
|
4 |
|a Történettudomány és régészet
|
| 695 |
|
|
|a Magyarok története - 9. sz.
|
| 856 |
4 |
0 |
|u http://acta.bibl.u-szeged.hu/5807/1/chronica_005_161-170.pdf
|z Dokumentum-elérés
|